A focus on quality of teaching in schools increases students’ progress of attainment. Evidence from English secondary schools (Record no. 194591)

MARC details
000 -LEADER
fixed length control field 01844nam a22002057a 4500
005 - DATE AND TIME OF LATEST TRANSACTION
control field 20250204162406.0
008 - FIXED-LENGTH DATA ELEMENTS--GENERAL INFORMATION
fixed length control field 250204b |||||||| |||| 00| 0 eng d
040 ## - CATALOGING SOURCE
Transcribing agency LDD
100 ## - MAIN ENTRY--PERSONAL NAME
Personal name Bernhard, Roland
245 ## - TITLE STATEMENT
Title A focus on quality of teaching in schools increases students’ progress of attainment. Evidence from English secondary schools
260 ## - PUBLICATION, DISTRIBUTION, ETC.
Place of publication, distribution, etc. Routledge Taylor & Francis Group, 2024
300 ## - PHYSICAL DESCRIPTION
Other physical details p. 506-530
490 ## - Journal
Journal Journal Of School Effectiveness And School Improvement
Volume/sequential designation Vol. 35(4)
500 ## - GENERAL NOTE
General note This article investigates the relationship between school-level factors associated with school quality and progress in student attainment in English secondary schools. Furthermore, it examines the relationship between frequency of classroom observation of teaching (by school leaders or by fellow teachers) in English secondary schools and progress in student attainment. It details findings of a quantitative phase of analysis within a broader mixed-methods study with the purpose of informing best practice in school development in Austria. Results suggest that students attending schools in which leaders and teachers perceive a greater emphasis on policy concerning quality of teaching tend to achieve greater progression in attainment relative to peers. Whilst frequency of classroom observation by leadership staff does not appear to be associated with progress in student attainment, students attending schools in which classroom observation is undertaken by fellow teachers with greater frequency tend to achieve greater progress in attainment relative to peers.<br/><br/>
650 ## - SUBJECT ADDED ENTRY--TOPICAL TERM
Topical term or geographic name entry element Quality Of Teaching
650 ## - SUBJECT ADDED ENTRY--TOPICAL TERM
Topical term or geographic name entry element Classroom Observation
700 ## - ADDED ENTRY--PERSONAL NAME
Personal name McDermott, Tiarnach
856 ## - ELECTRONIC LOCATION AND ACCESS
Link text click here to access online
Uniform Resource Identifier <a href="https://www.tandfonline.com/doi/full/10.1080/09243453.2024.2398601">https://www.tandfonline.com/doi/full/10.1080/09243453.2024.2398601</a>
942 ## - ADDED ENTRY ELEMENTS (KOHA)
Source of classification or shelving scheme Dewey Decimal Classification
Koha item type Article
Holdings
Date last seen Total checkouts Price effective from Koha item type Lost status Source of classification or shelving scheme Damaged status Not for loan Withdrawn status Home library Current library Date acquired
02/04/2025   02/04/2025 Article   Dewey Decimal Classification       Library and Documentation Division NCERT Library and Documentation Division NCERT 02/04/2025